| 000 | 00914 a2200253 4500 | ||
|---|---|---|---|
| 005 | 20081013150556.0 | ||
| 008 | 081013t xxu||||| |||| 00| 0 eng d | ||
| 010 | _aENG-91290 | ||
| 020 | _c290.00 | ||
| 035 | _aEN-74823 | ||
| 037 | _bDBAD / PUB | ||
| 040 |
_adpl _bEnglish |
||
| 082 | _a658 | ||
| 100 | _aReddy, J. Prakash | ||
| 245 |
_aManagement and organisational behaviour / _cby J. Prakash Reddy |
||
| 260 |
_aNew Delhi _bHimalaya Publishing House _c2008 |
||
| 270 |
_aPooja Apartments, 4-=B, Murari Lal Street, Ansari Raod, Daryaganj, _bNew Delhi _e110002 |
||
| 300 |
_a327 p.; _c22 cm ( pbk.) _bill. |
||
| 500 | _aIncludes references | ||
| 650 | _aOrganizational behavior | ||
| 650 | _aManagement | ||
| 942 |
_adpl _cEN _2ddc _mRED _h658 |
||
| 999 |
_c16610 _d16610 |
||